000 00712nam a2200205 4500
001 122964
003 ES-MaACL
005 20231201062950.0
007 t|
008 070214s1944 ag r ||||0| spa d
100 1 _aPushkin, Aleksandr Sergueevich,
_d1799-1837
_994427
245 1 3 _aLa dama de espaldas /
_cAleksandr Sergueevich Pushkin, ; traducción especial del ruso por la princesa Olga de Wolkownsky.
260 _aBuenos Aires :
_bEmecé,
_c1944.
300 _a71 p ;
_c19 cm.
490 1 _aCuadernos de la quimera ;
_v3
700 1 _aWolkownsky, Olga de.
_9117282
830 0 _aCuadernos de la quimera ;
_v3
_9181477
852 _aES-MaACL
_j1723-F-26
_bR.27228
999 _c122964
_d122964